=LDR 00000nam 2200000 4500 =001 INLIS000000000058977 =005 20211018091201 =035 ##$$a 0010-1021000425 =007 ta =008 211018###########################0#ind## =020 ##$$a 602-98722-7-3 =082 ##$$a 899.221 1075 =084 ##$$a 899.221 1075 Ade k i =245 1#$$a Karakteristik pantun indonesia /$c Ade Husnul =250 ##$$a Cet.2 =300 ##$$a iv,88 halaman : $b Ilustrasi ; $c 26 cm =600 #4$$a Pantun Indonesia =264 ##$$a jakarta :$b Wadah ilmu,$c 2011 =336 ##$$a teks$2 rdacontent =337 ##$$a lain-lain$2 rdamedia =338 ##$$a lain-lain$2 rdacarrier =990 ##$$a 21302130